Capitaines emblématiques de Serie A en images - Statistiques

Statistiques générales
  • Ce quiz a été pris 36 fois
  • Le résultat moyen est 14 sur 24
Statistiques - réponses
Par images Réponse % Correct
Francesco Totti
100%
Gianluigi Buffon
100%
Paolo Maldini
100%
Diego Maradona
97%
Alessandro Del Piero
94%
Franco Baresi
94%
Javier Zanetti
94%
Marek Hamsík
92%
Ciro Immobile
89%
Daniele De Rossi
86%
Alessandro Nesta
81%
Papu Gómez
75%
Antonio Di Natale
69%
Fabio Quagliarella
67%
Gianni Rivera
31%
Cristiano Biraghi
22%
Davide Astori
22%
Gaetano Scirea
17%
Fabrizio Miccoli
14%
Giuseppe Bergomi
14%
Sandro Mazzola
14%
Sergio Pellissier
11%
Alessandro Lucarelli
6%
Rolando Bianchi
3%
Aucun quiz correspondant
Distribution des résultats
% des personnes avec chaque résultat
Percentile par nombre de réponses
Votre historique - résultats
Vous n’avez pas pris ce quiz